00285nam a2200121Ia 45000030006000000080041000060400015000471000020000622450043000822600009001255460012001340050017001460STCL150530s9999 xx 000 0 und d aSTCLcSTCL aHowarth; Editor aMinor poets of the seventeenth century c1969 aEnglish20220125170929.0